000 00571nam a2200217Ia 4500
003 IIN
005 20250430130945.0
008 250430s2024 xx ad 001 0 eng d
020 _cRs.1200.00
_a8185605777
040 _aIIN
_bEnglish
082 _a610.730693
_bNAN
100 1 _aNancy, S.R.
245 1 _aPrinciples and Practice of Nursing I & II/
_cS. R. Nancy
250 _a8th ed
260 _bN. R. Brothers
_aIndore
_c2024
300 _a1135 p.
_bill.
500 _aIncludes Index
650 1 _aFoundation
_vNursing
650 1 _aNursing, Practice
942 _cBOOK
999 _c1783
_d1783